Historiske personer fra den kalde krigen (Bilder) - Statistics

General Stats
  • This quiz has been taken 548 times
  • The average score is 11 of 16
Answer Stats
Picture Hint Answer % Correct
USSRs diktator til sin død i 1953 Josef Stalin
97%
USAs president, 1961-63 (ble myrdet) John F. Kennedy
91%
Kinas kommunistiske diktator og grunnlegger av Folkerepublikken i 1949 Mao Zedong
84%
USAs president, 1945-53 Harry S. Truman
82%
USAs president, 1981-89 Ronald Reagan
82%
USSRs siste leder, 1985-91 Mikhail Gorbatsjov
78%
USAs president, 1969-74 (trakk seg) Richard Nixon
76%
Cubas kommunistiske diktator, 1959-2008 Fidel Castro
68%
Nord-Koreas kommunistiske diktator, 1948-94 Kim Il-sung
68%
USAs president, 1963-69 Lyndon B. Johnson
66%
Russlands president, 1991-99 Boris Jeltsin
60%
Kommunistisk geriljakriger på Cuba Che Guevara
57%
Nord-Vietnams kommunistiske diktator, 1945-69 Ho Chi Minh
56%
USSRs diktator, 1953-64 Nikita Khrusjtsjov
56%
USSRs diktator, 1964-82 Leonid Brezhnev
55%
Kambodsjas kommunistiske diktator, 1975-79 Pol Pot
54%
No matching quizzes found
Score Distribution
Percent of People with Each Score
Percentile by Number Answered
Your Score History
You have not taken this quiz